|
|
|
|
| LEADER |
00000nam a22000007a 4500 |
| 005 |
20130614141610.0 |
| 007 |
cr|||| |||| |
| 008 |
130614e2013 mx |||||s|||| 00||0 spa d |
| 035 |
|
|
|a 11347
|
| 040 |
|
|
|a vLex
|
| 090 |
|
|
|c 4365
|d 4365
|
| 100 |
1 |
0 |
|a Baltazar Mancilla, Manuel
|
| 245 |
1 |
0 |
|a Actualizacin̤ en normas de informacin̤ financiera 2013
|c / Manuel Baltazar Mancilla, Honor ̌A. Bornacini Hervella
|h [Recurso electrn̤ico]
|
| 256 |
|
|
|a Servicio en ln̕ea
|
| 260 |
|
|
|a Mx̌ico D.F. :
|b Mx̌ico Fiscal,
|c 2013
|
| 300 |
|
|
|a 1 Recurso electrn̤ico
|
| 506 |
|
|
|a Contenido solo disponible en los productos indicados
|d vLex Global
|d vLex Global (Academic Edition, excluding Law Schools)
|d vLex Global (U.S. Academic Edition, Law Schools)
|d vLex Global (U.S. Academic Edition, excluding Law Schools)
|d vLex Global (Academic Edition, Law Schools)
|
| 650 |
|
4 |
|a Derecho tributario
|z Mx̌ico
|
| 650 |
|
4 |
|a Administracin̤ (Management)
|z Mx̌ico
|
| 650 |
|
4 |
|a Contabilidad
|z Mx̌ico
|
| 700 |
1 |
0 |
|a Bornacini Hervella, Honor ̌A.
|
| 740 |
|
|
|a vLex Libros (Servicio en ln̕ea)
|
| 856 |
|
|
|a Acceso restringido
|u http://www.vlex.com/source/11347
|
| 942 |
|
|
|c BOOK
|
| 999 |
|
0 |
|a Taxation
|